000 005100000a22001810004500
003 MACL
005 20151209165325.0
008 151209b xxu||||| |||| 00| 0 eng d
040 _aMACL
_cMACL
041 _aHindi
082 _a741.642
100 _aउषा सक्‍सेना
_919910
245 _aसत्‍य की जीत
260 _bबाल साहित्‍य सदन
_c2005
350 _a150
650 _aचिल्‍डन बुक
_9314
942 _cHIN
_k741.642
_2ddc
999 _c18922
_d18922